|
|
|
|
| LEADER |
00000cam a2200000 a 4500 |
| 003 |
Ucuenca |
| 005 |
20230308180210.0 |
| 006 |
a||||fr|||||||1||| |
| 007 |
ta |
| 008 |
997120s1994 sp aaaafr|||||||1|||spa|a |
| 999 |
|
|
|c 52291
|d 52291
|
| 020 |
|
|
|a 84-8086-132-0
|
| 040 |
|
|
|b spa
|a UCuenca-cdrjbv
|c UCuenca
|e rda
|
| 041 |
1 |
|
|a spa
|h eng
|
| 082 |
0 |
|
|a 610.73
|2 22
|c 25498
|
| 100 |
1 |
|
|9 86632
|a Marriner-Tomey, Ann
|e autor
|
| 245 |
|
|
|a Modelos y teorías en enfermería /
|c Ann Marriner-Tomey
|
| 250 |
|
|
|a tercera edición.
|
| 264 |
|
1 |
|a Madrid:
|b Mosby,
|c 1994.
|
| 300 |
|
|
|a xiv, 530 páginas:
|b ilu
|c 24 cm
|
| 336 |
|
|
|2 rdacontent
|a texto
|b txt
|
| 337 |
|
|
|2 rdamedia
|a no mediado
|b n
|
| 338 |
|
|
|2 rdacarrier
|a volumen
|b nc
|
| 504 |
|
|
|a incl. ref.
|
| 505 |
1 |
|
|a Análisis de las teorías de enfermería -- Filosofías -- Modelos conceptuales, grandes teorías -- Teorías de enfermería de nivel medio
|
| 650 |
1 |
7 |
|a Enfermería
|9 81560
|2 UCuenca-cdrjbv
|
| 852 |
|
|
|a UC-SALUD
|f Compra
|l 1
|m General
|p 19971205
|q 57570,00
|r 2
|t 25498
|v med
|w Enfermería
|y 139069
|b 0
|d CDRS
|e CDRS
|g 610.73 ESTANTERIA ABIERTA
|z 1997-71-20
|
| 942 |
|
|
|c BK
|0 2
|2 ddc
|z denisse.artiles@ucuenca.edu.ec
|r daniel.carrión@ucuenca.edu.ec
|